000 00846nam a2200181 i 4500
001 54629
003 ES-MaACL
005 20230906163004.0
007 t|
008 040107s1879 sp ||||1| spa d
100 1 _aFreixa y Clariana, Francisco.
_952478
245 1 3 _aEl derecho administrativo vigente en España
_b: apéndice general en el cual están refundidos los siete anteriores y continuada la legislación vigente hasta el 31 de julio de 1878 /
_cpor Francisco Freixa y Clariana ; [apéndice] redactado (por encargo de la viuda propietaria de la obra y sus apéndices) por Arturo Corbella.
260 _aBarcelona :
_b[s.n.],
_c1879 (
_fSucesores de Ramírez y Cª)
300 _a1188, XIV p. ;
_c22 cm.
650 4 _aDerecho administrativo-
_zEspaña-
_yS.XIX.
_911645
700 1 _aCorbella, Arturo.
_940450
852 _aES-MaACL
_jC-2836
999 _c54629
_d54629